[Event "Da Qing U20 op-A"]
[Site "Da Qing"]
[Date "2019.01.22"]
[Round "6"]
[White "Marin, Sam"]
[Black "Xie, Kaifan"]
[Result "0-1"]
[WhiteElo "2038"]
[BlackElo "1938"]
[PlyCount "78"]
[EventDate "2019.01.20"]
[EventType "swiss"]
[EventRounds "9"]
[EventCountry "CHN"]
[SourceTitle "CBM 188 Extra"]
[Source "ChessBase"]
[SourceDate "2019.02.26"]
[SourceVersion "1"]
[SourceVersionDate "2019.02.26"]
[SourceQuality "1"]

1. c4 Nf6 2. Nc3 e5 3. g3 g6 4. Bg2 Bg7 5. Nf3 Nc6 6. 0-0 0-0 7. Rb1 d6 8. d3 h6 9. b4 Be6 10. b5 Ne7 11. a4 Nd7 12. Nd2 Rb8 13. Ba3 f5 14. Qc2 Nf6 15. a5 Qd7 16. c5 Rfc8 17. a6 b6 18. Bb7 Rd8 19. cxb6 cxb6 20. Nc4 Ne8 21. Na4 Rxb7 22. axb7 Qxb7 23. Rfc1 f4 24. Nd2 Nf5 25. Qc6 Qf7 26. Bb2 h5 27. Qf3 Bh6 28. gxf4 Nh4 29. Qg3 Bxf4 30. Qxh4 g5 31. Qg3 Bxg3 32. hxg3 Nf6 33. Nf3 Qg6 34. Rc7 Bd5 35. Nd2 h4 36. e4 Be6 37. Rxa7 hxg3 38. fxg3 Qh5 39. Nxb6 Qe2 0-1

[Event "Da Qing U20 op-A"]
[Site "Da Qing"]
[Date "2019.01.21"]
[Round "3"]
[White "Ning, Kaiyu"]
[Black "Marin, Sam"]
[Result "1-0"]
[WhiteElo "2267"]
[BlackElo "2038"]
[PlyCount "65"]
[EventDate "2019.01.20"]
[EventType "swiss"]
[EventRounds "9"]
[EventCountry "CHN"]
[SourceTitle "CBM 188 Extra"]
[Source "ChessBase"]
[SourceDate "2019.02.26"]
[SourceVersion "1"]
[SourceVersionDate "2019.02.26"]
[SourceQuality "1"]

1. Nf3 d5 2. e3 c5 3. b3 Nc6 4. Bb2 Nf6 5. Bb5 Bd7 6. 0-0 a6 7. Bxc6 Bxc6 8. Ne5 Rc8 9. d3 e6 10. Nd2 Be7 11. f4 d4 12. e4 0-0 13. Qf3 Ne8 14. a4 b5 15. Nxc6 Rxc6 16. g4 e5 17. fxe5 Bg5 18. Rfd1 Be3+ 19. Kh1 Bxd2 20. Rxd2 Qg5 21. Rf2 Qxe5 22. axb5 Rf6 23. Qg2 axb5 24. Ba3 Nd6 25. Rxf6 gxf6 26. Bb2 Kh8 27. Qf2 Rg8 28. Rg1 Ra8 29. b4 Ra2 30. Ba1 Ne8 31. g5 Rxa1 32. Rxa1 Qxg5 33. Ra8 1-0

[Event "Shenzhen op 1st"]
[Site "Shenzhen"]
[Date "2018.07.27"]
[Round "4"]
[White "Li, Bo"]
[Black "Marin, Sam"]
[Result "1-0"]
[WhiteElo "2361"]
[BlackElo "2030"]
[PlyCount "81"]
[EventDate "2018.07.26"]
[EventType "swiss"]
[EventRounds "9"]
[EventCountry "CHN"]
[SourceTitle "CBM 185 Extra"]
[Source "ChessBase"]
[SourceDate "2018.07.29"]
[SourceVersion "1"]
[SourceVersionDate "2018.07.29"]
[SourceQuality "1"]

1. d4 Nf6 2. c4 e6 3. g3 d5 4. Nf3 Nbd7 5. Bg2 Bb4+ 6. Bd2 Bd6 7. 0-0 c6 8. Qb3 Ne4 9. Bb4 Qe7 10. Bxd6 Nxd6 11. Nbd2 b5 12. c5 Nc4 13. Nxc4 dxc4 14. Qe3 Bb7 15. Ne5 Rc8 16. a4 Nxe5 17. Qxe5 f6 18. Qe3 b4 19. a5 Ba6 20. Ra4 b3 21. f4 Bb5 22. Raa1 0-0 23. Rac1 Rfe8 24. Rfd1 e5 25. fxe5 fxe5 26. d5 cxd5 27. Bxd5+ Kh8 28. Bxc4 Qxc5 29. Qxc5 Rxc5 30. Bxb3 Rxc1 31. Rxc1 Bxe2 32. Kf2 Bd3 33. Rc7 e4 34. Ke3 g6 35. Bc4 Rd8 36. b3 a6 37. Rc6 Kg7 38. Rxa6 Bc2 39. Rb6 Rd1 40. a6 Ra1 41. Rb4 1-0

[Event "Ottawa National Capital op"]
[Site "Ottawa"]
[Date "2017.11.11"]
[Round "3"]
[White "Miller, Rachel"]
[Black "Marin, Sam"]
[Result "1-0"]
[WhiteElo "2078"]
[BlackElo "2203"]
[PlyCount "111"]
[EventDate "2017.11.10"]
[EventType "swiss"]
[EventRounds "5"]
[EventCountry "CAN"]
[SourceTitle "EXT 2022"]
[Source "ChessBase"]
[SourceDate "2021.10.06"]
[SourceVersion "1"]
[SourceVersionDate "2021.10.06"]
[SourceQuality "1"]

1. e4 c5 2. Nc3 Nc6 3. f4 g6 4. Nf3 Bg7 5. Bb5 e6 6. Bxc6 bxc6 7. e5 d5 8. d3 Ne7 9. 0-0 h5 10. Na4 Qa5 11. c4 Rb8 12. b3 Nf5 13. Qe1 Qxe1 14. Rxe1 Bf8 15. Ba3 Nd4 16. Nxd4 cxd4 17. Bb2 c5 18. Ba3 Bd7 19. Nxc5 Rc8 20. Nxd7 Bxa3 21. Nf6+ Ke7 22. cxd5 exd5 23. Nxd5+ Ke6 24. Nf6 Rc2 25. Kf1 Rhc8 26. Ne4 Bc1 27. Ng5+ Ke7 28. g3 Bb2 29. Rab1 Rxh2 30. Nf3 Rhc2 31. Re4 Rd8 32. Re2 Rxe2 33. Kxe2 Bc3 34. Nd2 a5 35. Ne4 Bb4 36. Rc1 Rd7 37. Rc4 Rd5 38. Kf3 Ba3 39. Nf6 Rc5 40. Rxd4 Rc2 41. Rd7+ Kf8 42. Ra7 Bb4 43. a3 Be1 44. Ra8+ Kg7 45. Ne4 Ra2 46. a4 Rb2 47. d4 Rxb3+ 48. Ke2 Bxg3 49. Nxg3 Rxg3 50. d5 Rb3 51. d6 Rb7 52. Rxa5 Rd7 53. Rd5 Kf8 54. a5 Ke8 55. a6 Ra7 56. d7+ 1-0

[Event "Montreal Mont Royal op"]
[Site "Montreal"]
[Date "2017.07.24"]
[Round "3"]
[White "Marin, Sam"]
[Black "Kaufman, Raymond"]
[Result "0-1"]
[WhiteElo "1932"]
[BlackElo "2209"]
[PlyCount "64"]
[EventDate "2017.07.22"]
[EventType "swiss"]
[EventRounds "9"]
[EventCountry "CAN"]
[SourceTitle "CBM 179 Extra"]
[Source "ChessBase"]
[SourceDate "2017.08.23"]
[SourceVersion "1"]
[SourceVersionDate "2017.08.23"]
[SourceQuality "1"]

1. c4 Nf6 2. Nc3 e5 3. g3 d5 4. cxd5 Nxd5 5. Bg2 Nb6 6. Nf3 Nc6 7. d3 Be7 8. Be3 Be6 9. Rc1 Qd7 10. a3 Bh3 11. 0-0 h5 12. Ne4 h4 13. Bxh3 Qxh3 14. Rxc6 bxc6 15. Qc2 Qe6 16. Nxe5 f5 17. Nd2 Qxe5 18. Qxc6+ Kf7 19. Nf3 Qe6 20. Qb5 Qd5 21. Qa6 Nd7 22. Rc1 c5 23. b4 hxg3 24. fxg3 Rhc8 25. b5 Qe6 26. Qxe6+ Kxe6 27. d4 c4 28. a4 Nb6 29. a5 Nd5 30. Bf4 c3 31. Be5 g5 32. Ne1 Ba3 0-1

[Event "Laval op"]
[Site "Laval"]
[Date "2017.06.24"]
[Round "2"]
[White "Huang, Qiuyu"]
[Black "Marin, Sam"]
[Result "1-0"]
[WhiteElo "2034"]
[BlackElo "1921"]
[PlyCount "73"]
[EventDate "2017.06.23"]
[EventType "swiss"]
[EventRounds "5"]
[EventCountry "CAN"]
[SourceTitle "CBM 179 Extra"]
[Source "ChessBase"]
[SourceDate "2017.08.23"]
[SourceVersion "1"]
[SourceVersionDate "2017.08.23"]
[SourceQuality "1"]

1. e4 c5 2. Nf3 Nc6 3. d4 cxd4 4. Nxd4 Nf6 5. Nc3 e5 6. Ndb5 d6 7. Bg5 a6 8. Na3 b5 9. Nd5 Qa5+ 10. Bd2 Qd8 11. Bg5 Qa5+ 12. Bd2 Qd8 13. Bd3 Nxd5 14. exd5 Nd4 15. c3 Nf5 16. c4 Nd4 17. 0-0 Be7 18. cxb5 0-0 19. Nc2 Nxb5 20. a4 Nc7 21. Ba5 Qd7 22. Ne3 Bd8 23. Bf5 Qe7 24. Rc1 Bxf5 25. Nxf5 Qf6 26. Bxc7 Bxc7 27. Nxg7 Bb6 28. Nh5 Qg5 29. Rc3 Kh8 30. Rg3 Qf5 31. Ng7 Qf6 32. Qd3 Rg8 33. Nh5 Rxg3 34. Nxg3 Bd4 35. b4 Rb8 36. Qxa6 Rxb4 37. Qc8+ 1-0

[Event "Laval op"]
[Site "Laval"]
[Date "2017.06.24"]
[Round "3"]
[White "Marin, Sam"]
[Black "Saha, Ananda"]
[Result "0-1"]
[WhiteElo "1921"]
[BlackElo "2013"]
[PlyCount "72"]
[EventDate "2017.06.23"]
[EventType "swiss"]
[EventRounds "5"]
[EventCountry "CAN"]
[SourceTitle "CBM 179 Extra"]
[Source "ChessBase"]
[SourceDate "2017.08.23"]
[SourceVersion "1"]
[SourceVersionDate "2017.08.23"]
[SourceQuality "1"]

1. e4 c5 2. Nf3 e6 3. d4 cxd4 4. Nxd4 a6 5. c4 Nf6 6. Nc3 Qc7 7. Nc2 d6 8. Be2 Be7 9. 0-0 Nbd7 10. f4 b6 11. b3 Bb7 12. Bf3 0-0 13. Bb2 Rac8 14. Kh1 b5 15. cxb5 axb5 16. Rc1 Qb8 17. Qe2 Qa8 18. Rfe1 d5 19. e5 Ne4 20. Bxe4 dxe4 21. Qxb5 Nc5 22. Nb4 Nd3 23. Nxd3 exd3 24. Qxd3 Bxg2+ 25. Kg1 Bc5+ 26. Re3 Qf3 27. Nd1 Bxe3+ 28. Nxe3 Rcd8 29. Qc3 Bh3 30. Ba3 Rfe8 31. Bc5 Qxf4 32. Nf1 Qg5+ 33. Ng3 h5 34. Be3 Qg4 35. Qc4 Rd1+ 36. Rxd1 Qxd1+ 0-1

[Event "CAN-ch University"]
[Site "London"]
[Date "2017.01.15"]
[Round "4"]
[White "Marin, Sam"]
[Black "Tomb, Maroun"]
[Result "1-0"]
[WhiteElo "2155"]
[BlackElo "2223"]
[PlyCount "107"]
[EventDate "2017.01.14"]
[EventType "swiss"]
[EventRounds "5"]
[EventCountry "CAN"]
[SourceTitle "EXT 2022"]
[Source "ChessBase"]
[SourceDate "2021.10.06"]
[SourceVersion "1"]
[SourceVersionDate "2021.10.06"]
[SourceQuality "1"]

1. Nf3 Nf6 2. c4 d6 3. Nc3 Nbd7 4. d4 e5 5. e4 Be7 6. Be2 0-0 7. 0-0 c6 8. d5 Nc5 9. Nd2 a5 10. f3 Nh5 11. Nb3 Nxb3 12. Qxb3 c5 13. g3 g6 14. Bh6 Ng7 15. Na4 Bh3 16. Rf2 Rb8 17. Bf1 Bd7 18. Nb6 Be8 19. Bd2 Bg5 20. Bxg5 Qxg5 21. Qc3 a4 22. b4 axb3 23. axb3 f5 24. Qc1 Qd8 25. Na4 Bxa4 26. bxa4 fxe4 27. fxe4 Rxf2 28. Kxf2 Qa5 29. Bh3 Qb4 30. Bd7 Nh5 31. Rb1 Qa5 32. Qb2 Nf6 33. Be6+ Kh8 34. Qc2 b6 35. Rb5 Qc3 36. Qxc3 Nxe4+ 37. Ke3 Nxc3 38. Rb3 Na2 39. a5 Nb4 40. axb6 Kg7 41. Ke4 Rxb6 42. Ra3 Ra6 43. Rf3 Ra7 44. g4 g5 45. h4 gxh4 46. Rh3 Ra1 47. Rxh4 Re1+ 48. Kf5 Rf1+ 49. Kg5 Rf6 50. Rxh7+ Kxh7 51. Kxf6 Na6 52. g5 Nc7 53. g6+ Kh6 54. Bf7 1-0

[Event "Montreal Pere Noel op"]
[Site "Montreal"]
[Date "2016.12.29"]
[Round "4"]
[White "Marin, Sam"]
[Black "Zhong, Kevin"]
[Result "1-0"]
[WhiteElo "1977"]
[BlackElo "1537"]
[PlyCount "71"]
[EventDate "2016.12.26"]
[EventType "swiss"]
[EventRounds "5"]
[EventCountry "CAN"]
[SourceTitle "CBM 176 Extra"]
[Source "ChessBase"]
[SourceDate "2017.03.02"]
[SourceVersion "1"]
[SourceVersionDate "2017.03.02"]
[SourceQuality "1"]

1. e4 c5 2. Nf3 Nc6 3. Bb5 e6 4. 0-0 Nge7 5. c3 a6 6. Ba4 b5 7. Bc2 d5 8. d3 Bb7 9. Nbd2 Ng6 10. Re1 Be7 11. Nf1 0-0 12. a3 Qc7 13. exd5 exd5 14. d4 cxd4 15. cxd4 Bf6 16. Ne3 Rad8 17. Ng4 Be7 18. Qd3 Bc8 19. Nge5 Ncxe5 20. Nxe5 Bd6 21. Bf4 Rfe8 22. Rac1 Qb6 23. Bg5 f6 24. Bxf6 gxf6 25. Nxg6 Rxe1+ 26. Rxe1 Bxh2+ 27. Kh1 f5 28. Ne7+ Kh8 29. Kxh2 Qc7+ 30. Qg3 Qxg3+ 31. Kxg3 Kg7 32. Nxf5+ Kf6 33. Kf4 Be6 34. Rh1 Rc8 35. Rh6+ Kf7 36. Nd6+ 1-0